Normal view MARC view

Entry Topical Term

Number of records used in: 1

001 - CONTROL NUMBER

  • control field: 67987

003 - CONTROL NUMBER IDENTIFIER

  • control field: OSt

005 - DATE AND TIME OF LATEST TRANSACTION

  • control field: 20220918185135.0

008 - FIXED-LENGTH DATA ELEMENTS

  • fixed length control field: 220918|| aca||aabn | a|a d

040 ## - CATALOGING SOURCE

  • Original cataloging agency: OSt
  • Transcribing agency: OSt

150 ## - HEADING--TOPICAL TERM

  • Topical term or geographic name entry element: INCOME TAX; ECONOMICS

670 ## - SOURCE DATA FOUND

  • Source citation: Work cat.: (OSt)179413: Garg Dinesh Chandra 67986, Incom Tax ready recokoner 1996-97 and 1997-98 with rates tables examples & discussions for incometax weath tax and gift tax with 10years average of share quotations Dinesh Chandra Garg & Sandeep Garg, 1998
Copyright @ Delhi University Library System